000 00297nam a2200133Ia 4500
008 260604s9999 xx 000 0 und d
020 _a9789393285379
082 _a891.433 MIS
100 _aMISHRA
_935310
245 0 _aVIDAMBANA AAZADI (HINDI)
260 _bDPS
500 _aAazadi
942 _cBK
999 _c8085
_d8085